000 00400nam a2200133Ia 4500
008 220217s9999||||xx |||||||||||||| ||und||
020 _a81-7808-004-4
082 _a005.13 CAL
100 _aCallaway, Dustin, R
_92927
245 0 _aInside servlets: server side programming for the java platfo
260 _aPearson education asia
_bDelhi
_c2001
300 _b0
650 _aPROGRAMMING LANGUAGE
999 _c170276
_d170276